01351 a2200241 45000010006000000050017000060080041000230030015000640400040000790800050001192450042001690200018002112640062002293000019002915050574003100410008008841000020008927000024009127000027009367000023009637000024009868560099010104586520260407155730.0260407a2004 arg spa dAR-UNSa-BCEJYS aAR-UNSa-BCEJYSbspacAR-UNSa-BCEJYS a369:331.5xSeguridad Social y Mercado Laboral10aProtección social y mercado laboral a92-2-316538-5 1aSantiago :bOrganización Internacional de Trabajoc2004 a197 p.c23 cm. a1. ¿Desarticulación o subordinación? Protección social y mercado laboral en América Latina / Fabio M. Bertranou – 2. América Latina: Estudio de la protección social y el empleo sobre la base de hogares / Leonardo Gasparini – 3. Argentina: Dinámica de la protección social y el mercado laboral, 1995-2002 / Jorge A. Paz – 4. Chile: Dinámica de la informalidad y la desprotección de la población en edad de trabajar, 1992-2002 / Ximena Quintanilla – 5. Uruguay: La cobertura de la seguridad social en el empleo, 1991-2002 / Marisa Bucheli.  aspa1 aBucheli, Marisa1 aBertranou, Fabio M.1 aGasparini, Leonardo C.1 aPaz, Jorge Augusto1 aQuintanilla, Ximena41uhttps://www.biblioeco.unsa.edu.ar/pmb/images/libros/L127205.jpgyImagen de portadaqimage/jpeg